000 00208nam a2200097Ia 4500
008 240331s9999 xx 000 0 und d
082 _a808
_bSRE
100 _aSres,M
245 0 _aAtiyil pen iruntaal
942 _cL
999 _c1019
_d1019